000 00625nam a2200217Ia 4500
005 20241129111451.0
008 241129s9999||||xx |||||||||||||| ||und||
020 _a9789389455694
037 _aTB
040 _aCRL
_beng
_cCRL
041 _aurd
_2urd
084 _aO152,3N27x 168R0
_qCRL
100 _aShahid Nadeem Tr.
_9724500
245 0 _aRahi Masoom Raza ke 2 novlet
_cShahid Nadeem Tr.
260 _aDelhi, India
_bArshia Publications
_c2020
300 _a222p.
365 _aINR
_b250
650 _aHindi LiteratureFiction
_9726203
942 _cTB
_hO152,3N27x 168R0
999 _c1230605
_d1230605